[Event "European Senior Teams Chess Championship"]
[Site "Rogaska Slatina"]
[Date "2012.03.30"]
[Round "4.23"]
[White "Laitinen, Martti"]
[Black "Birkestrand, Odd"]
[Result "0-1"]
[WhiteElo "1808"]
[BlackElo "1837"]
[PlyCount "120"]
[EventDate "2012.03.27"]
[WhiteTeam "FIN - HELSINKI"]
[BlackTeam "NOR 4"]

1. d4 Nf6 2. c4 c5 3. d5 b5 4. cxb5 a6 5. b6 Qxb6 6. Nc3 g6 7. e4 d6 8. Nf3 Bg7
9. Nd2 O-O 10. Nc4 Qc7 11. Bd3 Nbd7 12. O-O Bb7 13. f4 Nb6 14. a4 Nxc4 15. Bxc4
Nd7 16. a5 Bc8 17. Be3 Qb7 18. Qd2 Rb8 19. Ra2 Qb4 20. Bd3 c4 21. Bb1 Nc5 22.
Nd1 Qxd2 23. Bxd2 Nb3 24. Bc3 Rb5 25. Bxg7 Kxg7 26. Nc3 Rxa5 27. Rxa5 Nxa5 28.
Ba2 Bd7 29. Rc1 Rb8 30. Rc2 Rb4 31. Kf2 Ba4 32. Re2 Bb3 33. Bb1 Nb7 34. e5 Nc5
35. exd6 exd6 36. Ke3 Na4 37. Ne4 Rb6 38. Kd4 Bd1 39. Rd2 Nxb2 40. Nc3 Bg4 41.
h3 Bd7 42. Ba2 f5 43. Rc2 Kf6 44. h4 h6 45. g3 a5 46. Rh2 h5 47. Rc2 Rb4 48.
Ke3 Ke7 49. Kd4 Kd8 50. Re2 Nd3 51. Bxc4 Nb2 52. Rxb2 Rxb2 53. Kd3 Rg2 54. Ne2
Kc7 55. Kc3 Kb6 56. Kb3 Kc5 57. Kc3 Bb5 58. Bxb5 Kxb5 59. Nd4+ Kc5 60. Nb3+ Kb6
0-1

[Event "European Senior Teams Chess Championship"]
[Site "Rogaska Slatina"]
[Date "2012.03.30"]
[Round "4.23"]
[White "Bue, Gunnar"]
[Black "Stahle, Sten"]
[Result "0-1"]
[WhiteElo "1719"]
[BlackElo "1735"]
[PlyCount "66"]
[EventDate "2012.03.27"]
[WhiteTeam "NOR 4"]
[BlackTeam "FIN - HELSINKI"]

1. d4 Nf6 2. c4 g6 3. Nc3 Bg7 4. e4 d6 5. f3 O-O 6. Be3 c5 7. d5 a5 8. Qd2 Re8
9. g4 e6 10. h4 exd5 11. cxd5 Bxg4 12. fxg4 Nxe4 13. Nxe4 Rxe4 14. Be2 Nd7 15.
Bf3 Rb4 16. Rb1 Ne5 17. Be2 Nxg4 18. Bxg4 Rxg4 19. Nf3 Qe7 20. Kf2 Re4 21. Rbe1
Qd7 22. Bf4 Rb4 23. b3 a4 24. Qe3 axb3 25. axb3 Bd4 26. Nxd4 Rxd4 27. Qf3 Kg7
28. h5 Ra2+ 29. Kg3 Qf5 30. hxg6 Qxg6+ 31. Kh4 Qf6+ 32. Kh3 Rxf4 33. Qg3+ Kf8
0-1

[Event "European Senior Teams Chess Championship"]
[Site "Rogaska Slatina"]
[Date "2012.03.30"]
[Round "4.23"]
[White "Pitkanen, Juhani"]
[Black "Johansen, Bjorn"]
[Result "1-0"]
[WhiteElo "1715"]
[BlackElo "1716"]
[PlyCount "69"]
[EventDate "2012.03.27"]
[WhiteTeam "FIN - HELSINKI"]
[BlackTeam "NOR 4"]

1. d4 d5 2. c4 e6 3. Nc3 Nf6 4. Nf3 h6 5. h3 c5 6. cxd5 Nxd5 7. Nxd5 Qxd5 8.
Bf4 Nc6 9. dxc5 Qxc5 10. a3 Be7 11. e3 O-O 12. Rc1 Qa5+ 13. Qd2 Qxd2+ 14. Nxd2
Rd8 15. Bb5 Bd7 16. Nf3 a6 17. Be2 Bf6 18. Rc2 Rac8 19. O-O Ne7 20. Rfc1 Rxc2
21. Rxc2 Ba4 22. Rc7 Bc6 23. Ne5 Bxe5 24. Bxe5 Nd5 25. Rxc6 bxc6 26. Bxa6 f6
27. Bd4 e5 28. Bc5 Rb8 29. b4 Ra8 30. b5 Nc7 31. Bb7 Rb8 32. bxc6 Ne6 33. Bb6
Kf8 34. a4 Ke8 35. a5 1-0

[Event "European Senior Teams Chess Championship"]
[Site "Rogaska Slatina"]
[Date "2012.03.31"]
[Round "5.1"]
[White "Ivanovic, Bozidar"]
[Black "Sloth, Jorn"]
[Result "1-0"]
[WhiteElo "2412"]
[BlackElo "2351"]
[PlyCount "45"]
[EventDate "2012.03.27"]
[WhiteTeam "MNE"]
[BlackTeam "DEN 1"]

1. e4 c5 2. c3 d5 3. exd5 Qxd5 4. d4 g6 5. Nf3 Bg7 6. Be2 Nf6 7. O-O cxd4 8.
cxd4 O-O 9. Ne5 Qa5 10. Nc3 Be6 11. Bf3 Nd5 12. Re1 Nc6 13. Bd2 Nxd4 14. Bxd5
Bxd5 15. Bf4 Qc5 16. Nd7 Qc6 17. Ne5 Qc5 18. Na4 Qb4 19. a3 Ne2+ 20. Rxe2 Qxf4
21. g3 Qf5 22. Qxd5 Rad8 23. Qf3 1-0

[Event "European Senior Teams Chess Championship"]
[Site "Rogaska Slatina"]
[Date "2012.03.31"]
[Round "5.1"]
[White "Sorensen, Bent"]
[Black "Zivkovic, Ljubo"]
[Result "1-0"]
[WhiteElo "2312"]
[BlackElo "2279"]
[PlyCount "75"]
[EventDate "2012.03.27"]
[WhiteTeam "DEN 1"]
[BlackTeam "MNE"]

1. Nf3 Nf6 2. g3 b6 3. Bg2 Bb7 4. O-O e6 5. d3 d5 6. Nbd2 Be7 7. e4 O-O 8. e5
Nfd7 9. Re1 c5 10. Nf1 Nc6 11. h4 b5 12. N1h2 b4 13. Bf4 a5 14. Ng5 h6 15. Ngf3
Re8 16. h5 a4 17. g4 Nf8 18. a3 Nh7 19. axb4 cxb4 20. c3 a3 21. Bd2 axb2 22.
Rb1 Ra3 23. cxb4 Rxd3 24. Bf1 Ra3 25. Rxb2 Ng5 26. Nxg5 Bxg5 27. b5 Nb8 28. Bb4
Ra8 29. Qd4 Nd7 30. Nf3 Be7 31. Bxe7 Rxe7 32. g5 Qb6 33. Qh4 hxg5 34. Qxg5 Ree8
35. Bd3 Qd8 36. Qg4 Ra3 37. h6 g6 38. Bxg6 1-0

[Event "European Senior Teams Chess Championship"]
[Site "Rogaska Slatina"]
[Date "2012.03.31"]
[Round "5.1"]
[White "Raicevic, Momcilo"]
[Black "Rosenlund, Thorbjorn"]
[Result "1/2-1/2"]
[WhiteElo "2372"]
[BlackElo "2286"]
[PlyCount "35"]
[EventDate "2012.03.27"]
[WhiteTeam "MNE"]
[BlackTeam "DEN 1"]

1. c4 e6 2. g3 d5 3. Nf3 Nf6 4. Bg2 Be7 5. O-O c6 6. b3 O-O 7. Bb2 a5 8. d3 b5
9. Nbd2 Nbd7 10. Rc1 Bb7 11. Qc2 Qb6 12. e4 bxc4 13. dxc4 dxe4 14. Nxe4 Nxe4
15. Qxe4 c5 16. Qc2 Bf6 17. Rfd1 Rfd8 18. Bxf6 1/2-1/2

[Event "European Senior Teams Chess Championship"]
[Site "Rogaska Slatina"]
[Date "2012.03.31"]
[Round "5.2"]
[White "Vasiukov, Evgeni"]
[Black "Faibisovich, Vadim Z"]
[Result "1-0"]
[WhiteElo "2455"]
[BlackElo "2377"]
[PlyCount "57"]
[EventDate "2012.03.27"]
[WhiteTeam "RUS 1"]
[BlackTeam "RUS - ST. PETERSBURG"]

1. e4 e5 2. Nf3 Nc6 3. Bb5 Nf6 4. d3 d6 5. c4 g6 6. d4 exd4 7. Nxd4 Bd7 8. Bxc6
bxc6 9. Nc3 Bg7 10. O-O O-O 11. Re1 Ng4 12. Nf3 f5 13. c5 fxe4 14. Nxe4 d5 15.
Neg5 Qf6 16. h3 Nh6 17. Be3 Nf5 18. Bf4 h6 19. Ne5 Be8 20. Ng4 Qxb2 21. Rb1
Qxa2 22. Ne6 Qc4 23. Rc1 Qb4 24. Bd2 Qa3 25. Nxg7 Kxg7 26. Bc3+ d4 27. Bxd4+
Kg8 28. Nf6+ Kf7 29. Qe2 1-0

[Event "European Senior Teams Chess Championship"]
[Site "Rogaska Slatina"]
[Date "2012.03.31"]
[Round "5.2"]
[White "Turikov, Viktor"]
[Black "Chernikov, Oleg L"]
[Result "1/2-1/2"]
[WhiteElo "2263"]
[BlackElo "2415"]
[PlyCount "101"]
[EventDate "2012.03.27"]
[WhiteTeam "RUS - ST. PETERSBURG"]
[BlackTeam "RUS 1"]

1. Nf3 d5 2. e3 Nf6 3. c4 c6 4. b3 Bg4 5. Be2 e6 6. Bb2 Be7 7. O-O O-O 8. d3
Nbd7 9. Nbd2 Re8 10. Nd4 Bxe2 11. Qxe2 e5 12. Nf5 Bf8 13. Rfd1 g6 14. Ng3 Bg7
15. Nf3 Qe7 16. e4 d4 17. a3 b5 18. Qc2 a5 19. Bc1 Nc5 20. Bd2 Qb7 21. Rdb1
Nfd7 22. b4 axb4 23. axb4 Ne6 24. c5 Rxa1 25. Rxa1 Ra8 26. Qb2 Ra4 27. Ne2 Qa6
28. Rb1 Ra2 29. Qb3 Ndxc5 30. bxc5 Nxc5 31. Qd1 Nxd3 32. Nc1 Nxc1 33. Qxc1 Ra4
34. Bb4 Qa8 35. h3 Qe8 36. Qc5 f6 37. Rc1 Ra6 38. Qc2 Bf8 39. Ne1 Bxb4 40. Qb3+
Qf7 41. Qxb4 Ra4 42. Qd6 Rc4 43. Rb1 Qf8 44. Qe6+ Kg7 45. Ra1 Qf7 46. Qd6 Ra4
47. Rb1 Qa2 48. Rc1 Rc4 49. Qe7+ Kg8 50. Qe8+ Kg7 51. Qe7+ 1/2-1/2

[Event "European Senior Teams Chess Championship"]
[Site "Rogaska Slatina"]
[Date "2012.03.31"]
[Round "5.3"]
[White "Vucenovic, Dragomir"]
[Black "Garriga Nualart, Josep"]
[Result "1/2-1/2"]
[WhiteElo "2260"]
[BlackElo "2319"]
[PlyCount "162"]
[EventDate "2012.03.27"]
[WhiteTeam "SUI"]
[BlackTeam "ESP - CATALONIA"]

1. d4 Nf6 2. Nf3 g6 3. g3 Bg7 4. Bg2 O-O 5. O-O d6 6. c4 Nc6 7. Nc3 Bd7 8. Re1
a6 9. Rb1 Rb8 10. b4 e5 11. d5 Ne7 12. e4 h6 13. c5 Ne8 14. Be3 f5 15. Qd2 g5
16. exf5 Bxf5 17. Rb3 Qd7 18. Rc1 Bg4 19. Ne1 Nf5 20. c6 Qc8 21. b5 b6 22. bxa6
Qxa6 23. Bf1 Qc8 24. f3 Nxe3 25. Qxe3 Bf5 26. Ne4 Ra8 27. Ra3 Rxa3 28. Qxa3
Bxe4 29. fxe4 Qg4 30. Qe3 Nf6 31. Bg2 Qh5 32. Bf3 g4 33. Bg2 Qg6 34. Nd3 h5 35.
Rf1 Ra8 36. Nb4 Bh6 37. Qe2 b5 38. Rf5 Ra3 39. Qb2 Be3+ 40. Kf1 Ra4 41. Ke2 Bc5
42. a3 Qh6 43. Qc3 Kg7 44. Nc2 Nxe4 45. Qd3 Nf6 46. Qxb5 Ra7 47. Rf1 Bb6 48.
Qd3 Ra4 49. Rb1 e4 50. Qc3 Ba5 51. Nb4 Kg6 52. Qd4 Rxa3 53. Bxe4+ Kf7 54. Nc2
Rc3 55. Rb5 Rc5 56. Rxc5 dxc5 57. Qe3 Qxe3+ 58. Kxe3 Bb6 59. Kf4 c4 60. Ke5
Nxe4 61. Kxe4 Ke7 62. Nd4 c3 63. Ne2 c2 64. Kd3 Kd6 65. Kxc2 Kxd5 66. Nf4+ Ke5
67. Nxh5 Bg1 68. Kd3 Bxh2 69. Ke2 Bg1 70. Nf4 Ke4 71. Nh5 Bd4 72. Kd2 Be5 73.
Ke2 Kd4 74. Kd2 Kd5 75. Kd3 Kxc6 76. Ke4 Kd6 77. Kf5 c5 78. Kxg4 Kd5 79. Kf3 c4
80. Ke2 Ke4 81. Nf4 Bxf4 1/2-1/2

[Event "European Senior Teams Chess Championship"]
[Site "Rogaska Slatina"]
[Date "2012.03.31"]
[Round "5.3"]
[White "Monedero Gonzalez, Josep"]
[Black "Hohler, Peter"]
[Result "1/2-1/2"]
[WhiteElo "2104"]
[BlackElo "2197"]
[PlyCount "94"]
[EventDate "2012.03.27"]
[WhiteTeam "ESP - CATALONIA"]
[BlackTeam "SUI"]

1. d4 Nf6 2. Nf3 d6 3. Nc3 Bf5 4. Bg5 c6 5. e3 Ne4 6. Nxe4 Bxe4 7. Nd2 Qa5 8.
Bh4 Bg6 9. Be2 e6 10. O-O d5 11. a3 Qc7 12. c4 Be7 13. Bg3 Bd6 14. f4 Qe7 15.
Qb3 b6 16. Rac1 O-O 17. Rc3 Nd7 18. cxd5 cxd5 19. Rc6 f5 20. Rfc1 Nf6 21. Bh4
Be8 22. R6c3 Bd7 23. Ba6 Rab8 24. Nf3 Qe8 25. Ne5 Ne4 26. Nxd7 Qxd7 27. Rc6 Nc5
28. Rxd6 Nxb3 29. Rxd7 Nxc1 30. b4 b5 31. Rc7 Nd3 32. Rc3 Nb2 33. Be7 Rfe8 34.
Bc5 Nc4 35. Bxa7 Ra8 36. Bxb5 Red8 37. Bxc4 Rxa7 38. Bb5 Kf7 39. a4 Rb8 40. Rc5
Rab7 41. Kf2 h6 42. Kf3 g5 43. Kf2 Kf6 44. Ke2 Rg7 45. Kf3 Rg6 46. Kf2 Rg7 47.
Kf3 Rg6 1/2-1/2

[Event "European Senior Teams Chess Championship"]
[Site "Rogaska Slatina"]
[Date "2012.03.31"]
[Round "5.3"]
[White "Illi, Hans-Joerg"]
[Black "Sanz Bastos, Fernando"]
[Result "1/2-1/2"]
[WhiteElo "2109"]
[BlackElo "2058"]
[PlyCount "41"]
[EventDate "2012.03.27"]
[WhiteTeam "SUI"]
[BlackTeam "ESP - CATALONIA"]

1. d4 f5 2. Nf3 Nf6 3. Bg5 e6 4. Nbd2 Be7 5. Bxf6 Bxf6 6. e4 O-O 7. Bd3 d5 8.
e5 Be7 9. h4 g6 10. Qe2 b6 11. g3 c5 12. c3 a5 13. Kf1 Na6 14. Kg2 cxd4 15.
cxd4 Nb4 16. Bb5 Na6 17. Rac1 Nc7 18. Bd3 Ne8 19. a3 Ng7 20. Rc3 Bb7 21. Bb5
1/2-1/2

[Event "European Senior Teams Chess Championship"]
[Site "Rogaska Slatina"]
[Date "2012.03.31"]
[Round "5.4"]
[White "Strutinskaya, Galina N"]
[Black "Uhlmann, Wolfgang"]
[Result "1-0"]
[WhiteElo "2273"]
[BlackElo "2358"]
[PlyCount "47"]
[EventDate "2012.03.27"]
[WhiteTeam "RUS 2"]
[BlackTeam "GER 1"]

1. d4 Nf6 2. c4 g6 3. Nf3 c5 4. Nc3 cxd4 5. Nxd4 Nc6 6. e4 d6 7. Be2 Bg7 8. Be3
O-O 9. O-O a6 10. Rc1 Bd7 11. Nc2 Rb8 12. f3 Qa5 13. a3 Rfc8 14. Rf2 Ne5 15.
Qf1 Qc7 16. Nb4 Nxc4 17. Ncd5 Nxd5 18. Nxd5 Nxe3 19. Rxc7 Rxc7 20. Nxe3 Bd4 21.
Nd5 Rc5 22. Qd1 Bxf2+ 23. Kxf2 Kf8 24. Qd2 1-0

[Event "European Senior Teams Chess Championship"]
[Site "Rogaska Slatina"]
[Date "2012.03.31"]
[Round "5.4"]
[White "Fatalibekova, Elena"]
[Black "Haakert, Juergen"]
[Result "0-1"]
[WhiteElo "2276"]
[BlackElo "2394"]
[PlyCount "112"]
[EventDate "2012.03.27"]
[WhiteTeam "RUS 2"]
[BlackTeam "GER 1"]

1. e4 e6 2. d4 d5 3. Nc3 Nc6 4. e5 f6 5. Bb5 Bd7 6. Nf3 Qe7 7. O-O Qf7 8. Re1
O-O-O 9. Qe2 Nge7 10. a3 fxe5 11. dxe5 h6 12. b4 g5 13. h3 Rg8 14. Bxc6 Nxc6
15. Nxd5 exd5 16. e6 Qg7 17. exd7+ Qxd7 18. Bb2 Bd6 19. Qe6 g4 20. hxg4 Rxg4
21. Qxd7+ Kxd7 22. Rad1 Rdg8 23. g3 Rf8 24. Kg2 Rf5 25. b5 Ne7 26. Ne5+ Bxe5
27. Bxe5 Rc4 28. Rd2 h5 29. Bd4 a6 30. bxa6 bxa6 31. f3 c5 32. Bb2 Nc6 33. Rh1
Kd6 34. Rh4 Rxh4 35. gxh4 Ne5 36. Bxe5+ Kxe5 37. Kg3 Rf6 38. c3 d4 39. cxd4+
cxd4 40. Re2+ Kd5 41. Re8 d3 42. Rd8+ Kc4 43. Kf2 Re6 44. f4 Kc3 45. Kf3 d2 46.
Rc8+ Kd3 47. Rd8+ Kc2 48. Rc8+ Kd1 49. Rd8 Ke1 50. f5 Re2 51. Kf4 d1=Q 52.
Rxd1+ Kxd1 53. Kg5 Rf2 54. f6 a5 55. Kg6 a4 56. f7 Kc2 0-1

[Event "European Senior Teams Chess Championship"]
[Site "Rogaska Slatina"]
[Date "2012.03.31"]
[Round "5.6"]
[White "Haubt, Georg"]
[Black "Norman, Kenneth I"]
[Result "0-1"]
[WhiteElo "2215"]
[BlackElo "2175"]
[PlyCount "80"]
[EventDate "2012.03.27"]
[WhiteTeam "GER - HESSEN"]
[BlackTeam "ENG 1"]

1. e4 e6 2. d4 d5 3. Nc3 Bb4 4. Nge2 dxe4 5. a3 Bxc3+ 6. Nxc3 Nc6 7. Bb5 Nge7
8. Bg5 f6 9. Be3 O-O 10. Qd2 f5 11. O-O-O Nd5 12. Bg5 Qd6 13. Ne2 a6 14. Bxc6
Qxc6 15. f3 Nf6 16. Rdf1 Bd7 17. Kb1 Rae8 18. Ng3 exf3 19. gxf3 Qd5 20. Qc3 Rc8
21. Rd1 Bc6 22. Rhf1 Qd7 23. Ne2 Bb5 24. Rfe1 Nd5 25. Qd2 Rce8 26. Nc1 f4 27.
Re4 Ne3 28. Rg1 e5 29. Nb3 Bc6 30. Rxe5 Nc4 31. Qc3 Nxe5 32. dxe5 Qd5 33. Bf6
g6 34. Nd4 Rf7 35. Nf5 Rxf6 36. Nh6+ Kg7 37. exf6+ Kxh6 38. Qb4 Qd6 39. f7 Rf8
40. Qa5 Rxf7 0-1

[Event "European Senior Teams Chess Championship"]
[Site "Rogaska Slatina"]
[Date "2012.03.31"]
[Round "5.7"]
[White "Hurme, Harri"]
[Black "Kurka, Dieter"]
[Result "0-1"]
[WhiteElo "2184"]
[BlackElo "2093"]
[PlyCount "74"]
[EventDate "2012.03.27"]
[WhiteTeam "FIN 1"]
[BlackTeam "GER - MATTADORE"]

1. d4 d5 2. c4 e6 3. Nc3 Nf6 4. Bg5 Be7 5. e3 h6 6. Bh4 O-O 7. Nf3 Ne4 8. Bg3
Bb4 9. Qc2 c5 10. Bd3 Nxg3 11. hxg3 cxd4 12. exd4 dxc4 13. Bxc4 Nc6 14. Rd1 b6
15. Qe4 Bd7 16. O-O Bxc3 17. bxc3 Qc7 18. Bd3 g6 19. c4 Rac8 20. Rfe1 Rfd8 21.
g4 Nb4 22. Ne5 Nxd3 23. Rxd3 Bc6 24. d5 exd5 25. cxd5 Bb5 26. Rf3 Rf8 27. Rf6
Qe7 28. Qf4 Kg7 29. Rc6 Bxc6 30. dxc6 Rxc6 31. Qd4 Rd6 32. Qc3 Qf6 33. f4 Kg8
34. Qc7 a6 35. g3 Rd2 36. Rb1 Qd6 37. Qxb6 Qd5 0-1

[Event "European Senior Teams Chess Championship"]
[Site "Rogaska Slatina"]
[Date "2012.03.31"]
[Round "5.7"]
[White "Neumann, Horst"]
[Black "Morant, Paul"]
[Result "0-1"]
[WhiteElo "1937"]
[BlackElo "2167"]
[PlyCount "72"]
[EventDate "2012.03.27"]
[WhiteTeam "GER - MATTADORE"]
[BlackTeam "FIN 1"]

1. d4 d5 2. Nf3 Nf6 3. c4 c6 4. Nc3 g6 5. cxd5 cxd5 6. Qb3 Nc6 7. e3 Bg7 8. Bb5
O-O 9. Bxc6 bxc6 10. O-O Ba6 11. Rd1 Qd6 12. Qa4 Bb7 13. b3 Nd7 14. Ba3 Nb6 15.
Qa5 Qd8 16. Rac1 Re8 17. Bc5 e6 18. Rc2 f6 19. a4 e5 20. Rdc1 Qd7 21. Na2 Nc8
22. Qd2 e4 23. Ne1 a5 24. b4 axb4 25. Qxb4 Ba6 26. Rb2 f5 27. Nc3 g5 28. a5 Re6
29. Na4 Qf7 30. Nb6 Rb8 31. Qa3 Na7 32. Bd6 Rd8 33. Bc5 Nb5 34. Qa1 Qh5 35. Na4
Rh6 36. Bb6 Qxh2+ 0-1

[Event "European Senior Teams Chess Championship"]
[Site "Rogaska Slatina"]
[Date "2012.03.31"]
[Round "5.8"]
[White "Liebert, Heinz"]
[Black "Wahlbom, Magnus"]
[Result "1/2-1/2"]
[WhiteElo "2251"]
[BlackElo "2291"]
[PlyCount "43"]
[EventDate "2012.03.27"]
[WhiteTeam "GER - CACHSEN-ANGALT"]
[BlackTeam "SWE 1"]

1. c4 c5 2. Nf3 Nc6 3. d4 cxd4 4. Nxd4 e6 5. Nc3 Nf6 6. Ndb5 Bb4 7. Bf4 O-O 8.
Bd6 Bxd6 9. Nxd6 Qb6 10. Qd2 Nd4 11. O-O-O Qxd6 12. Qxd4 Qxd4 13. Rxd4 d5 14.
cxd5 exd5 15. e3 Be6 16. Be2 Ne4 17. Nxe4 dxe4 18. b3 Rac8+ 19. Kb2 f5 20. Rhd1
Rc7 21. g3 Kf7 22. Bc4 1/2-1/2

[Event "European Senior Teams Chess Championship"]
[Site "Rogaska Slatina"]
[Date "2012.03.31"]
[Round "5.8"]
[White "Petersson, Gosta"]
[Black "Liebscher, Helmar"]
[Result "1-0"]
[WhiteElo "2163"]
[BlackElo "2093"]
[PlyCount "88"]
[EventDate "2012.03.27"]
[WhiteTeam "SWE 1"]
[BlackTeam "GER - CACHSEN-ANGALT"]

1. c4 e6 2. Nc3 d5 3. e3 c5 4. d4 Nf6 5. Nf3 Nc6 6. g3 a6 7. dxc5 Bxc5 8. b4
Be7 9. Bb2 O-O 10. Qb3 dxc4 11. Bxc4 b5 12. Be2 Bb7 13. O-O Qb6 14. Rac1 Rfd8
15. Qc2 h6 16. Rfd1 Rxd1+ 17. Rxd1 Rc8 18. Qb1 Rd8 19. Rc1 Rc8 20. Ne4 Nxe4 21.
Qxe4 Nd8 22. Qb1 Rxc1+ 23. Qxc1 Bd5 24. Ne5 Qb7 25. Bf1 Nc6 26. Nd3 Bc4 27. e4
Bxd3 28. Bxd3 Qd7 29. Bf1 e5 30. a3 Nd4 31. Qd1 Qa7 32. Kg2 f6 33. Bd3 Nc6 34.
Bb1 Kh8 35. Ba2 Nd4 36. Qh5 Qa8 37. Bd5 Qf8 38. Qg6 f5 39. exf5 Bf6 40. Bc1 Qc8
41. Bxh6 Qxf5 42. Qe8+ Kh7 43. Be3 g5 44. Bxd4 exd4 1-0

[Event "European Senior Teams Chess Championship"]
[Site "Rogaska Slatina"]
[Date "2012.03.31"]
[Round "5.8"]
[White "Nyberg, Ulf"]
[Black "Reinemann, Guenter Dr"]
[Result "1-0"]
[WhiteElo "2140"]
[BlackElo "2011"]
[PlyCount "63"]
[EventDate "2012.03.27"]
[WhiteTeam "SWE 1"]
[BlackTeam "GER - CACHSEN-ANGALT"]

1. Nf3 f5 2. g3 Nf6 3. Bg2 g6 4. O-O Bg7 5. d4 d6 6. b4 c6 7. c4 Ne4 8. Bb2 O-O
9. Qb3 d5 10. Nc3 e6 11. Rad1 Nd7 12. Nxe4 fxe4 13. Nd2 Qb6 14. e3 a5 15. a3
Qc7 16. Rc1 axb4 17. axb4 Nf6 18. cxd5 exd5 19. Nxe4 Nxe4 20. Bxe4 Qb6 21. Bg2
Kh8 22. Ra1 Rxa1 23. Rxa1 Bg4 24. Qc3 Qd8 25. b5 Qf6 26. f4 Be2 27. bxc6 bxc6
28. e4 dxe4 29. Bxe4 Rc8 30. Ra7 c5 31. Qd2 Qb6 32. Rxg7 1-0

[Event "European Senior Teams Chess Championship"]
[Site "Rogaska Slatina"]
[Date "2012.03.31"]
[Round "5.9"]
[White "Opl, Klaus"]
[Black "Van Herck, Marcel"]
[Result "1-0"]
[WhiteElo "2287"]
[BlackElo "2097"]
[PlyCount "65"]
[EventDate "2012.03.27"]
[WhiteTeam "AUT - WIEN 1"]
[BlackTeam "BEL"]

1. e4 c6 2. c4 d5 3. cxd5 cxd5 4. exd5 Nf6 5. Bb5+ Nbd7 6. Nc3 g6 7. d4 Bg7 8.
d6 exd6 9. Qe2+ Qe7 10. Bf4 Qxe2+ 11. Bxe2 Ke7 12. Nb5 Ne8 13. Nf3 a6 14. Nc3
Nb6 15. O-O Nf6 16. Rfe1 Be6 17. Ng5 Nbd5 18. Nxe6 fxe6 19. Bg5 Kf7 20. Bf3
Nxc3 21. bxc3 Rac8 22. Bxb7 Rxc3 23. Rec1 Rxc1+ 24. Rxc1 Rb8 25. Rc7+ Kg8 26.
g3 a5 27. Bc8 e5 28. Be6+ Kh8 29. dxe5 dxe5 30. Ra7 h6 31. Be3 Rb5 32. a4 Rb1+
33. Kg2 1-0

[Event "European Senior Teams Chess Championship"]
[Site "Rogaska Slatina"]
[Date "2012.03.31"]
[Round "5.9"]
[White "Strobel, Ferdinand"]
[Black "Schrickx, Frank"]
[Result "1/2-1/2"]
[WhiteElo "2129"]
[BlackElo "1874"]
[PlyCount "49"]
[EventDate "2012.03.27"]
[WhiteTeam "AUT - WIEN 1"]
[BlackTeam "BEL"]

1. f4 d5 2. Nf3 g6 3. e3 Bg7 4. d4 Nf6 5. Bd3 c5 6. c3 Qb6 7. O-O O-O 8. Nbd2
Bg4 9. Qe1 Bxf3 10. Rxf3 e6 11. Qh4 Nbd7 12. Kh1 Qd8 13. g4 h5 14. h3 Nh7 15.
Qg3 hxg4 16. hxg4 Nhf6 17. Rf2 Re8 18. Rh2 Kf8 19. Nf3 Ke7 20. Bd2 Rh8 21. Rxh8
Qxh8+ 22. Kg2 Ne4 23. Bxe4 dxe4 24. Ng5 Nf8 25. b3 1/2-1/2

[Event "European Senior Teams Chess Championship"]
[Site "Rogaska Slatina"]
[Date "2012.03.31"]
[Round "5.10"]
[White "Watzka, Horst"]
[Black "Gundersen, Helge"]
[Result "1/2-1/2"]
[WhiteElo "2253"]
[BlackElo "2223"]
[PlyCount "28"]
[EventDate "2012.03.27"]
[WhiteTeam "AUT - STEIERMARK"]
[BlackTeam "NOR 1"]

1. e4 e6 2. d4 d5 3. Nd2 dxe4 4. Nxe4 Qd5 5. Qd3 Nf6 6. Nxf6+ gxf6 7. Nf3 b6 8.
Qb5+ Qxb5 9. Bxb5+ c6 10. Bd3 Ba6 11. Bxa6 Nxa6 12. c3 c5 13. Be3 cxd4 14. Nxd4
Be7 1/2-1/2

[Event "European Senior Teams Chess Championship"]
[Site "Rogaska Slatina"]
[Date "2012.03.31"]
[Round "5.10"]
[White "Kristiansen, Erling"]
[Black "Nickl, Klaus"]
[Result "1-0"]
[WhiteElo "2181"]
[BlackElo "2162"]
[PlyCount "89"]
[EventDate "2012.03.27"]
[WhiteTeam "NOR 1"]
[BlackTeam "AUT - STEIERMARK"]

1. d4 Nf6 2. c4 g6 3. g3 Bg7 4. Bg2 O-O 5. Nc3 d6 6. Nf3 Nc6 7. d5 Na5 8. Nd2
c5 9. a3 Ng4 10. Qc2 Ne5 11. b3 a6 12. Bb2 Rb8 13. h3 b5 14. cxb5 axb5 15. O-O
Ba6 16. f4 Nd7 17. b4 Nc4 18. Nxc4 bxc4 19. Rfb1 cxb4 20. axb4 Qb6+ 21. Kh2 Nf6
22. e4 Nh5 23. Qe2 Rfc8 24. e5 Bb7 25. b5 dxe5 26. fxe5 f6 27. Na4 Qxb5 28.
exf6 exf6 29. Bxf6 Qe8 30. Qxe8+ Rxe8 31. Bxg7 Nxg7 32. Nc3 Nf5 33. Rb6 Ba8 34.
Rxb8 Rxb8 35. Ra7 Bb7 36. Ne4 c3 37. Nxc3 Ne3 38. Be4 Kf8 39. g4 g5 40. d6 Bxe4
41. Nxe4 h6 42. Rh7 Rb4 43. Rh8+ Kg7 44. d7 Rb2+ 45. Kg1 1-0

[Event "European Senior Teams Chess Championship"]
[Site "Rogaska Slatina"]
[Date "2012.03.31"]
[Round "5.10"]
[White "Kratschmer, Heinz"]
[Black "Harestad, Thor Geir"]
[Result "0-1"]
[WhiteElo "2164"]
[BlackElo "2175"]
[PlyCount "162"]
[EventDate "2012.03.27"]
[WhiteTeam "AUT - STEIERMARK"]
[BlackTeam "NOR 1"]

1. d4 g6 2. Nf3 Bg7 3. Nc3 d6 4. e4 c6 5. Be2 Nf6 6. O-O O-O 7. Re1 Nbd7 8. Bf4
Nh5 9. Bg5 h6 10. Be3 e5 11. Qd2 Kh7 12. Rad1 Qe7 13. dxe5 dxe5 14. a4 Qb4 15.
b3 Nf4 16. Bf1 Re8 17. Bc4 Qe7 18. Qd6 Ne6 19. Qxe7 Rxe7 20. b4 Ndf8 21. Rd6
Rc7 22. Red1 Bf6 23. Na2 Be7 24. R6d2 f6 25. c3 g5 26. g3 Ng6 27. Nc1 g4 28.
Ne1 Ng5 29. Bxg5 hxg5 30. Ng2 a5 31. bxa5 Rxa5 32. Bb3 b5 33. axb5 cxb5 34. Ne2
Ra3 35. Bd5 Bc5 36. Rd3 Ne7 37. Ne3 Bxe3 38. Rxe3 Kg7 39. Red3 Rc5 40. Kg2 f5
41. f3 f4 42. gxf4 gxf4 43. Kf2 gxf3 44. Kxf3 Kf6 45. R1d2 Ba6 46. Kg4 Rc7 47.
Ba2 Bc8+ 48. Kf3 Kg5 49. c4 Rxd3+ 50. Rxd3 bxc4 51. Rc3 Be6 52. Rc1 Ng6 53. Nc3
Ra7 54. Rc2 Ra3 55. Kf2 Ra5 56. Nd1 Ra4 57. Nc3 Ra8 58. Nb5 Rh8 59. Kg1 f3 60.
Bxc4 Bxc4 61. Rxc4 Kf4 62. Nc7 Rb8 63. Nd5+ Kg5 64. Kf2 Nh4 65. Rc2 Rb1 66. Ne3
Ra1 67. Nf1 Kf4 68. Ng3 Ra4 69. Rb2 Ng6 70. Rc2 Nf8 71. h4 Nd7 72. h5 Nf6 73.
h6 Ng4+ 74. Kg1 Ra1+ 75. Nf1 Nxh6 76. Rc6 Ng4 77. Rg6 Ne3 78. Kh1 Rxf1+ 79. Kh2
Rf2+ 80. Kg1 Rg2+ 81. Rxg2 fxg2 0-1

[Event "European Senior Teams Chess Championship"]
[Site "Rogaska Slatina"]
[Date "2012.03.31"]
[Round "5.10"]
[White "Hjertenes, Oystein"]
[Black "Pitzl, Konstantinos"]
[Result "1/2-1/2"]
[WhiteElo "2115"]
[BlackElo "2093"]
[PlyCount "42"]
[EventDate "2012.03.27"]
[WhiteTeam "NOR 1"]
[BlackTeam "AUT - STEIERMARK"]

1. Nf3 Nf6 2. g3 g6 3. Bg2 Bg7 4. O-O O-O 5. c4 d6 6. d4 c6 7. Nc3 Nbd7 8. b3
Qa5 9. Bb2 e5 10. dxe5 dxe5 11. e4 Re8 12. Qc2 Nc5 13. h3 Ne6 14. Ne2 Nh5 15.
a3 Qc7 16. Rad1 c5 17. Nc3 Nd4 18. Nxd4 cxd4 19. Nd5 Qb8 20. Kh2 Be6 21. Bf3
Nf6 1/2-1/2

[Event "European Senior Teams Chess Championship"]
[Site "Rogaska Slatina"]
[Date "2012.03.31"]
[Round "5.11"]
[White "Danner, Georg"]
[Black "Ager, Josef"]
[Result "1-0"]
[WhiteElo "2402"]
[BlackElo "2195"]
[PlyCount "62"]
[EventDate "2012.03.27"]
[WhiteTeam "AUT 1"]
[BlackTeam "AUT - NIEDEROSTERREICH"]

1. d4 Nf6 2. Nf3 g6 3. c4 Bg7 4. Nc3 O-O 5. e4 d6 6. Be2 Bg4 7. Be3 e5 8. d5
Nfd7 9. O-O a5 10. Ne1 Bxe2 11. Qxe2 Na6 12. Nd3 f5 13. f3 b6 14. a3 Bf6 15. b4
Bg5 16. Bf2 Bh4 17. g3 Be7 18. Kg2 h5 19. Rab1 Rf7 20. bxa5 bxa5 21. Rb5 Ndb8
22. f4 exf4 23. exf5 f3+ 24. Qxf3 Rxf5 25. Nf4 Bf6 26. Qd3 Kh7 27. Ne4 Nd7 28.
Ne6 Ne5 29. Qe2 Qe7 30. Nd4 Nc5 31. Nxf5 gxf5 1-0